|
|
|
|
| LEADER |
01548nam a2200349 i 4500 |
| 001 |
35121 |
| 003 |
BD-DhAAL |
| 005 |
20211118112347.0 |
| 008 |
190808t2018 nyua b 001 0 eng d |
| 999 |
|
|
|c 40837
|d 40837
|
| 010 |
|
|
|a 2017024166
|
| 020 |
|
|
|a 9781138831063 (pbk.)
|
| 020 |
|
|
|a 9781138831049 (hardback)
|
| 040 |
|
|
|a DLC
|b eng
|c DLC
|e rda
|d DLC
|d BD-DhAAL
|
| 042 |
|
|
|a pcc
|
| 050 |
0 |
0 |
|a TA684
|b .M384 2018
|
| 082 |
0 |
0 |
|a 721.0447142
|2 23
|
| 100 |
1 |
|
|a McMullin, Paul W.
|9 33489
|
| 245 |
1 |
0 |
|a Steel design /
|c edited by Paul W. McMullin, Jonathan S. Price and Richard T. Seelos.
|
| 260 |
|
|
|a New York :
|b Routledge,
|c c2018.
|
| 300 |
|
|
|a xvi, 311 pages :
|b illustrations (some color) ;
|c 20 cm.
|
| 504 |
|
|
|a Includes bibliographical references (pages [293]-294) and index.
|
| 526 |
|
|
|a ARC
|
| 541 |
|
|
|a Trim Education
|e 35121, 35122
|
| 650 |
|
0 |
|a Building, Iron and steel.
|9 33490
|
| 650 |
|
0 |
|a Structural design.
|9 33491
|
| 650 |
|
0 |
|a Architecture.
|9 42790
|
| 700 |
1 |
|
|a Price, Jonathan S.
|9 33492
|
| 852 |
|
|
|a Ayesha Abed Library
|c General Stacks
|
| 942 |
|
|
|2 ddc
|c BK
|
| 952 |
|
|
|0 0
|1 0
|2 ddc
|4 0
|6 721_044714200000000_MCM
|7 0
|9 65978
|a BRACUL
|b BRACUL
|c GEN
|d 2019-07-28
|e Trim Education
|g 1690.00
|l 2
|m 3
|o 721.0447142 MCM
|p 3010035122
|r 2025-12-01
|s 2025-11-19
|t 2
|v 1690.00
|w 2019-07-28
|y BK
|x Transferred from ARC to BRACUL on 28/12/2023
|
| 952 |
|
|
|0 0
|1 0
|2 ddc
|4 0
|6 721_044714200000000_MCM
|7 0
|9 65979
|a BRACUL
|b BRACUL
|c GEN
|d 2019-07-28
|e Trim Education
|g 1690.00
|l 2
|m 19
|o 721.0447142 MCM
|p 3010035121
|q 2026-06-02
|r 2025-06-30
|s 2025-06-30
|t 1
|v 1690.00
|w 2019-07-28
|y BK
|